000 00964nam a22002897a 4500
001 1813
003 CO-MdFUSB
005 20190202100312.0
008 170519t1996 xxu||||| |||| 00| 0 s d
020 _a0-7899-0250-8
040 _aCO-MdFUSB
_bspa
_cCO-MdFUSB
_dCO-MdFUSBC
_erda
041 0 _aspa
082 0 4 _aG 220.61 D3721i
100 1 _aDemaray, Donald E.
_eautor
245 1 0 _aIntroducción a la Biblia
_b : Un caudal de información que ayudará al estudiante serio a entender la Biblia
_c / Donald E. Demaray
264 4 _aMiami, FL., USA :
_b Unilit,
_c©1996
300 _a467 P.
336 _2rdacontent
_a1
_ba1
337 _2rdamedia
_a2
_b5
338 _2rdacarrier
_a2
_b5
500 _aTítulo original : A layman's guide to our Bible
505 0 0 _aNuestra biblia: cómo nos llegó -- Libro por libro -- Personas, lugares, objetos
650 0 _aBiblia
_916
653 _aBiblia - Introducciones
653 _aBiblia - Historia
942 _cBK
999 _c32989
_d32989